000 00801nam a22002417a 4500
001 3427
003 FISKH
005 20240305094250.0
008 240305b cb ||||| |||| 00| 0 eng d
040 _aFISK
_beng
_cFISK
_dFISK
050 _aE185.M6
082 _a323.1196
100 _aBowers Rick
_d1976-
245 _aSpies of mississippi /
_cRick Bowers
260 _aNew York :
_bScholastic,
_c2010
300 _a120 pages :
_c24 cm
505 _aZ
520 _aIn the 1950s and 1960s, the Mississippi State Sovereignty Commission compiled secret files on more than 87,000 private citizens in the most extensive state spying program in U.S. history. Its mission: to save segregation.
521 8 _a1290
_bLexiles
700 _aRick Bowers
942 _2ddc
_cBK
_n0
999 _c3427
_d3427